Metropolis 1890-1940
Αποθηκεύτηκε σε:
| Άλλοι συγγραφείς: | |
|---|---|
| Μορφή: | Βιβλίο |
| Γλώσσα: | English |
| Δημοσίευση: |
London :
Mansell,
1984
|
| Σειρά: | Studies in history, planning, and the environment
|
| Θέματα: | |
| Ετικέτες: |
Προσθήκη ετικέτας
Δεν υπάρχουν, Καταχωρήστε ετικέτα πρώτοι!
|
MARC
| LEADER | 00000nam a2200000 i 4500 | ||
|---|---|---|---|
| 001 | 1/65061 | ||
| 008 | 931005s1984 eng d | ||
| 020 | |a 0-7201-1616-3 | ||
| 035 | |a ΛΕΣΒΟΣb10001492 |l 10001492 | ||
| 040 | |a GR-MY-UA |b gre |e aacr | ||
| 041 | 0 | |a eng | |
| 082 | 0 | |a 307.7640904 | |
| 245 | 1 | 0 | |a Metropolis 1890-1940 / |c edited by Anthony Sutcliffe |
| 260 | |a London : |b Mansell, |c 1984 | ||
| 300 | |a 444 p. |b fig. | ||
| 490 | 1 | |a Studies in history, planning and the environment | |
| 500 | |a Includes index | ||
| 650 | 0 | 0 | |a Metropolitan areas |x History |y 20th century |x Congresses. |
| 650 | 0 | 0 | |a Cities and towns |x Growth |x History |y 20th century |x Congresses. |
| 650 | 0 | 0 | |a Urbanization |x History |y 20th century |x Congresses. |
| 650 | 0 | 0 | |a City planning |x History |y 20th century |x Congresses. |
| 700 | 1 | |a Sutcliffe, Anthony |d 1942- |4 edt | |
| 830 | 0 | |a Studies in history, planning, and the environment | |
| 852 | |a INST |b LESVOS |e 19931005 |h 307.7640904 MET |p 005100004659 |q 005100004659 |t BK |y 0 | ||
| 909 | |a Λ |b 013868 | ||